Stories of Tenali Ramakrishna / (Record no. 30048)

MARC details
000 -LEADER
fixed length control field 00731nam a2200217 a 4500
005 - DATE AND TIME OF LATEST TRANSACTION
control field 20090905134434.0
008 - FIXED-LENGTH DATA ELEMENTS--GENERAL INFORMATION
fixed length control field 060731s1999 nyua b 000 0 eng d
010 ## - LCCN (DPL NO)
LC control number B-357034
020 ## - INTERNATIONAL STANDARD BOOK NUMBER
Terms of availability 25.00
035 ## - SYSTEM CONTROL NUMBER
System control number B-357034
037 ## - SOURCE OF ACQUISITION
Source of stock number/acquisition DBAD / PUB
040 ## - CATALOGING SOURCE
Original cataloging agency dpl
Language of cataloging English
082 ## - DEWEY DECIMAL CLASSIFICATION NUMBER
Classification number S
245 ## - TITLE STATEMENT
Title Stories of Tenali Ramakrishna /
Statement of responsibility, etc compiled by Syam Babu
260 ## - PUBLICATION, DISTRIBUTION, ETC. (IMPRINT)
Place of publication, distribution, etc Vijayawada,
Name of publisher, distributor, etc Mudra Books
Date of publication, distribution, etc 2008
270 ## - ADDRESS
Address Eluru Road,
City Vijayawada,
Postal code 2
300 ## - PHYSICAL DESCRIPTION
Extent 142p.:
Dimensions 20cm(pbk)
Other physical details ill
650 ## - SUBJECT ADDED ENTRY--TOPICAL TERM
Source of heading or term Children's stories, English
942 ## - ADDED ENTRY ELEMENTS (KOHA)
Source of classification or shelving scheme Dewey Decimal Classification
Item type Children Books
Call number suffix STO
Classification part S
Holdings
Withdrawn status Lost status Source of classification or shelving scheme Damaged status Not for loan Collection code Home library Current library Date acquired Source of acquisition Cost, normal purchase price Total Checkouts Total Renewals Full call number Barcode Date last seen Copy number Cost, replacement price Koha item type
    Dewey Decimal Classification     Fiction Janak Puri Janak Puri 05/09/2009 DBAD / PUB 25.00 56 2 S STO B-357034 26/09/2023 1 25.00 Children Books

© Delhi Public Library
Hit Counter
free hit counter